東京の地下鉄 行先 - Statistics

General Stats
  • This quiz has been taken 28 times
    25 since last reset
  • The average score is 114 of 159
Answer Stats
Hint Answer % Correct
半蔵門線 | 銀座線 渋谷
95%
浅草
95%
新宿
95%
池袋
95%
日比谷線 中目黒
95%
北千住
95%
東西線 中野
95%
西船橋
95%
浅草線 西馬込
95%
光が丘
95%
中野坂上
89%
新宿三丁目
89%
恵比寿
89%
六本木
89%
綾瀬
89%
北綾瀬
89%
副都心線 | 有楽町線 和光市
89%
押上
89%
南北線 目黒
89%
白金高輪
89%
赤羽岩淵
89%
泉岳寺
89%
都庁前
89%
丸の内線 荻窪
84%
方南町
84%
東陽町
84%
千代田線 代々木上原
84%
豊洲
84%
浦和美園
84%
横浜
84%
元町・中華街
84%
本八幡
84%
上野
79%
竹ノ塚
79%
草加
79%
東武動物公園
79%
松戸
79%
79%
我孫子
79%
取手
79%
新木場
79%
森林公園
79%
半蔵門
79%
清澄白河
79%
日吉
79%
海老名
79%
中野富士見町
74%
広尾
74%
南栗橋
74%
九段下
74%
妙典
74%
三鷹
74%
明治神宮前
74%
石神井公園
74%
所沢
74%
麻布十番
74%
駒込
74%
王子神谷
74%
青砥
74%
成田空港
74%
西高島平
74%
大島
74%
瑞江
74%
茗荷谷
68%
南千住
68%
北春日部
68%
久喜
68%
東葉勝田台
68%
相模大野
68%
本厚木
68%
伊勢原
68%
川越市
68%
飯能
68%
新横浜
68%
湘南台
68%
菊名
68%
印旛日本医大
68%
品川
68%
京急久里浜
68%
三崎口
68%
高島平
68%
岩本町
68%
笹塚
68%
北越谷
63%
成城学園前
63%
唐木田
63%
保谷
63%
水天宮前
63%
中央林間
63%
大和
63%
京成高砂
63%
京王多摩センター
63%
志木
58%
清瀬
58%
小手指
58%
長津田
58%
市ケ谷
58%
鳩ケ谷
58%
武蔵小杉
58%
西谷
58%
元住吉
58%
浅草橋
58%
三浦海岸
58%
羽田空港第1・第2ターミナル
58%
津田沼
53%
箱根湯本
53%
橋本
53%
八千代緑が丘
47%
霞ケ関
47%
向ケ丘遊園
47%
京成佐倉
47%
印西牧の原
47%
芝山千代田
47%
大江戸線 新御徒町
47%
汐留
47%
奥沢
42%
京成成田
42%
西武球場前
37%
鷺沼
37%
神奈川新町
37%
宗吾参道
32%
若葉台
26%
No matching quizzes found
Score Distribution
Percent of People with Each Score
Percentile by Number Answered
Your Score History
You have not taken this quiz since the last reset